| 000 | 01464nam a2200361 i 4500 | ||
|---|---|---|---|
| 001 | bg | ||
| 111 | 2 |
_aKrajowa Konferencja Mechaniki Płynów _n(13 ; _d1998 ; _cCzęstochowa). |
|
| 245 | 0 | 5 |
_aXIII Krajowa Konferencja Mechaniki Płynów : _bCzęstochowa, 21-26 września 1998. _nT. 2 / _c[red. Anita Nowakowska, Zdzisława Tasarz, Lucyna Żyła ; Polska Akademia Nauk. Komitet Mechaniki. Sekcja Mechaniki Płynów, Politechnika Częstochowska. Instytut Maszyn Cieplnych]. |
| 260 |
_aCzęstochowa : _bWydaw. PC, _c1998. |
||
| 300 |
_a324 s. : _bfot., rys., wykr. ; _c24 cm. |
||
| 490 | 1 |
_aKonferencje / Politechnika Częstochowska, _x1234-9895 ; _v27 |
|
| 500 | _aStreszcz. ang. przy ref. | ||
| 504 | _aBibliogr. przy ref. | ||
| 650 | 9 | _aMechanika płynów | |
| 655 | _aMateriały konferencyjne | ||
| 700 | 1 |
_aNowakowska, Anita. _eRed. |
|
| 700 | 1 |
_aTasarz, Zdzisława. _eRed. |
|
| 700 | 1 |
_aŻyła, Lucyna. _eRed. |
|
| 710 | 0 |
_aPolska Akademia Nauk _bSekcja Mechaniki Płynów |
|
| 710 | 0 |
_aPolitechnika Częstochowska _bInstytut Maszyn Cieplnych |
|
| 830 | 0 |
_aKonferencje (Politechnika Częstochowska) ; _v27 |
|
| 020 | _a8371930429 (t. 1) | ||
| 020 | _a8371930437 (t. 2) | ||
| 020 | _a8371930410 (całość) | ||
| 040 | _cBPK | ||
| 041 | 0 |
_apl _ben |
|
| 080 | _a532(061) | ||
| 920 | _a83-7193-042-9 (t. 1) | ||
| 920 | _a83-7193-043-7 (t. 2) | ||
| 920 | _a83-7193-041-0 (całość) | ||
| 942 | _cKS | ||
| 008 | s pl f |000 0 pol | ||
| 999 |
_c37820 _d37820 |
||
| 856 |
_uhttp://koha.tu.koszalin.pl/cgi-bin/koha/opac-detail.pl?biblionumber=37820 _yKatalog online BPK |
||